000 01536nam a22002177a 4500
005 20260129113215.0
008 230525b ||||| |||| 00| 0 eng d
020 _a9781838933555
040 _cAL
041 _aEnglish
082 _223
_a823.92
_bHARW
100 _aElodie Harper
_9253091
245 _aWolf Den
260 _aLondon
_bHead of Zeus Ltd
_c2021
300 _a455p
_bPB
_c20x13cm
365 _a1170
_b₹399.00
_c
_d₹499.00
_e20%
_f17-05-2023
520 _a'Utterly spellbinding' Woman & Home Sold Amara was once a beloved daughter, until her father's death plunged her family into penury. Now she is a slave in Pompeii's infamous brothel, owned by a man she despises. Sharp, clever and resourceful, Amara is forced to hide her talents. For now her only value lies in the desire she can stir in others. But Amara's spirit is far from broken. By day, she walks the streets with the Wolf Den's other women, finding comfort in the laughter and dreams they share. For the streets of Pompeii are alive with opportunity. Out here, even the lowest slave can secure a reversal in fortune. Amara has learnt that everything in this city has its price. But how much is her freedom going to cost her? Set in Pompeii's lupanar, The Wolf Den is the first in a trilogy of novels reimagining the lives of women who have long been overlooked. Perfect for fans of Pat Barker's The Silence of the Girls and Madeline Miller's Circe.
650 _aEnglish Fiction
_9113981
650 _aHistorical fiction
_9114646
942 _2ddc
_cBK
999 _c227343
_d227343